| 000 | 00665nam a2200205 a 4500 | ||
|---|---|---|---|
| 001 | 000028488 | ||
| 005 | 20200930054955.0 | ||
| 008 | 110408s1983 dr r 000 0 spa d | ||
| 040 |
_aDO-SdBNP _bspa _cBNPHU |
||
| 082 |
_axxxx _bxxxx |
||
| 245 | 0 | 0 | _aProyecto de constitución de Juan Pablo Duarte. |
| 260 |
_aSanto Domingo : _bPublicaciones ONAP, _c1983. |
||
| 300 |
_a8 p. ; _c22 cm. |
||
| 490 | 1 | _aPublicaciones ONAP | |
| 490 | 1 |
_aDocumentos históricos _v2 |
|
| 500 | _aSeparata de "Constitución Política y Reformas Constitucionales | ||
| 590 | _aInventariado, 2019/BT | ||
| 830 | 0 |
_aPublicaciones ONAP _955451 |
|
| 830 | 0 |
_aDocumentos históricos _n2 _955452 |
|
| 999 |
_c27980 _d27980 |
||